| 000 | 00451nam a2200169 a 4500 | ||
|---|---|---|---|
| 001 | 3821 | ||
| 003 | CO-ViMGA | ||
| 008 | 141112s2004 ck r 000 u spa d | ||
| 040 |
_aCO-ViMGA _bspa _cCO-ViMGA |
||
| 082 | 0 | 4 | _a750.9861 P457c |
| 245 | 1 | 0 | _aPintar no es una sola cosa |
| 260 |
_aBogotá : _bBanco de la República, _c1992 |
||
| 300 | _a41 p : il | ||
| 650 | 1 | 4 |
_aPINTORES COLOMBIANOS _9603 |
| 650 | 1 | 4 |
_aPINTURA COLOMBIANA _9602 |
| 942 |
_2ddc _cBK |
||
| 999 |
_c15840 _d15840 |
||